000 01770nam0a2200373 4500
001 RU\NLR\bibl\162440
005 20260405140412.0
010 _a5-230-10695-6
_9500
021 _aRU
_b2001-4358
_9215
035 _a(NLR Aleph) 000159340
090 _a916215
_c916215
100 _a20010330d2000 |||y0rusy50 ca
101 0 _arus
102 _aRU
105 _aa |||||||||
200 1 _aМетрологическая обработка результатов физического эксперимента
_fБелов В. К.
_gМ-во образования Рос. Федерации, Магнитог. гос. техн. ун-т им. Г. И. Носова
205 _a2-е изд.
210 _aМагнитогорск
_cИЦ МГТУ
_d2000
215 _a116 с.
_cил.
_d21
320 _aБиблиогр.: с. 74-75
606 0 _aФизический эксперимент
_jРуководства, пособия и т.п. для высшей школы
_xОбработка результатов
_92081904
_3RU\NLR\auth\661257910
606 0 _aФизический эксперимент
_jУчебные издания для высшей школы
_xОбработка результатов
_92081904
_3RU\NLR\auth\661257910
610 0 _aФизические измерения - Обработка результатов
675 _a53.08.006.91(075.8)
_v3
_zrus
686 _a29
_2rugasnti
686 _a22.3я73
_2rubbk
686 _aВ3c25я73-5
700 1 _4070
_7ca
_8rus
_aБелов
_bВ. К.
_cфизик
_gВалерий Константинович
_939555
_3RU\NLR\auth\7756623
801 0 _aRU
_bRKP
_c20010330
_gPSBO
801 1 _aRU
_bRKP
_c20010330
801 2 _aRU
_bNLR
_c20071001
_grcr
942 _cBOOK
980 _aNB